Educación bilingüe : materiales de apoyo para la formación docente en educación bilingüe intercultural 3.

Guardado en:
Bibliografiske detaljer
Hovedforfatter: Zúñiga Castillo, Madeleine (autor)
Format: Bog
Sprog:spansk
Fag:
Tags: Tilføj Tag
Ingen Tags, Vær først til at tagge denne postø!

MARC

LEADER 00000cam^a2200000uu^4500
001 000468909
005 20250521000000.0
008 050901s1988^^^^^^^^^^^^rd^r^^000^0^spa^d
009 20260310124522.523
035 |a FCE 000011654 
035 |a FCE 007832 
037 |a Acervo ITESO - Biblioteca 
041 |a spa 
082 0 4 |a 370.196  |b FODebi 3 
100 |a Zúñiga Castillo, Madeleine  |e (autor) 
245 1 0 |a Educación bilingüe :  |b materiales de apoyo para la formación docente en educación bilingüe intercultural 3. 
264 |a Santiago de Chile :  |b UNESCO : OREALC,  |c 1988. 
300 |a 99 p. 
336 |a texto  |b txt  |2 rdacontenido 
337 |a sin mediación  |b n  |2 rdamedio 
338 |a volumen  |b nc  |2 rdasoporte 
649 |a XX 
650 |a Teoría 
650 |a Alfabetización 
650 |a Material didáctico 
650 |a Educación indígena 
650 |a Educación bilingüe 
650 |a Lengua materna 
650 |a Formación de docentes 
910 |a Fondo Centro de Estudios Educativos 
920 |a Impresos - Libros 
930 |a Fondos Especiales 
905 |a 133 
901 |a ALE007832  |b IT2  |c CEE  |u 20250521 
902 |a https://opac.biblio.iteso.mx/vufind/Record/000468909